=LDR 00000nam 2200000 4500 =001 INLIS000000000012366 =005 20130612103909 =008 ***********************************Ind** =035 ##$$0010-061300000012366 =041 ##$$a Ind =082 ##$$a 394.409 598 56 =090 ##$$a 394.409 598 56, May u =100 ##$$a Maya, Armindo =245 ##$$a Upacara Tradisional daerah Timor Timur, DM. Armindo Maya =260 ##$$a 1988 $b Jakarta =300 ##$$a 77 hlm., 21 cm =850 ##$$a NBPNMAT